Poetry Of The Young (Record no. 49365)
[ view plain ]
| 000 -LEADER | |
|---|---|
| fixed length control field | 003270000a22001450004500 |
| 001 - CONTROL NUMBER | |
| control field | 000058 |
| 003 - CONTROL NUMBER IDENTIFIER | |
| control field | MACL |
| 040 ## - CATALOGING SOURCE | |
| Original cataloging agency | MACL |
| 090 ## - LOCALLY ASSIGNED LC-TYPE CALL NUMBER (OCLC); LOCAL CALL NUMBER (RLIN) | |
| -- | 58 |
| -- | 58 |
| 100 ## - MAIN ENTRY--PERSONAL NAME | |
| Personal name | Kaul, H.K. |
| 245 ## - TITLE STATEMENT | |
| Title | Poetry Of The Young |
| Remainder of title | The Whispering Breeze |
| Statement of responsibility, etc. | H.K. Kaul |
| 260 ## - PUBLICATION, DISTRIBUTION, ETC. (IMPRINT) | |
| Place of publication, distribution, etc. | The Poetry Society, |
| Date of publication, distribution, etc. | 1996 |
| 650 ## - SUBJECT ADDED ENTRY--TOPICAL TERM | |
| Topical term or geographic name as entry element | Literature |
| 942 ## - ADDED ENTRY ELEMENTS (KOHA) | |
| Call number prefix | 821 |
| Koha item type | Library Membar |
No items available.









